000 00400nam a22000977a 4500
008 170211b xxu||||| |||| 00| 0 eng d
100 _aKahn, Henry
245 _aConcentration camp and ghetto mail system under the Nazi regime
260 _aRockaway Park, N.Y.
_bJudaica Historical Philatelic Society
_c1966
650 _aPostal service -- Germany | World War, 1939-1945 -- Postal service | Concentration Camps
999 _c2249
_d2249